Harry Styles - Kiss All The Time. Disco, Occasionally. - Statistics

General Stats
  • This quiz has been taken 114 times
  • The average score is 10 of 12
Answer Stats
2026 Kiss All The Time. Disco, Occasionally. % Correct
1 Aperture
100%
12 Carla's Song
95%
2 American Girls
93%
11 Paint By Numbers
89%
8 Coming Up Roses
86%
9 Pop
86%
3 Ready, Steady, Go!
85%
7 Season 2 Weight Loss
83%
5 Taste Back
81%
10 Dance No More
80%
4 Are You Listening Yet?
79%
6 The Waiting Game
73%
No matching quizzes found
Score Distribution
Percent of People with Each Score
Percentile by Number Answered
Your Score History
You have not taken this quiz